000 00526nam a2200193 4500
003 IIN
005 20240618132820.0
008 240618b |||||||| |||| 00| 0 eng d
020 _a9780323529501
_c6820.00
040 _aIIN
_bENG
082 _a610.7362
_bKLI
100 1 _aKliegman, Robert M.
245 1 _aNelson Textbook of Pediatrics/
_cRobert M. Kliegman...[et al]
250 _a21st ed
260 _bElsevier
_aPhiladelphia
_c2020
300 _alxxv, 1901-3827p. / Vol.2
650 1 _aPediatric
_vNursing
942 _cBOOK
999 _c1668
_d1668